UBT Library

Power and shared values in the corporate culture / (Record no. 41955)

000 -LEADER
fixed length control field 00582pam a2200217 a 4500
001 - CONTROL NUMBER
control field 515453
005 - DATE AND TIME OF LATEST TRANSACTION
control field 20180206092940.0
008 - FIXED-LENGTH DATA ELEMENTS--GENERAL INFORMATION
fixed length control field 860225s1986 miua b 001 0 eng
010 ## - LIBRARY OF CONGRESS CONTROL NUMBER
LC control number 86004298
020 ## - INTERNATIONAL STANDARD BOOK NUMBER
International Standard Book Number 0835717380 (alk. paper)
040 ## - CATALOGING SOURCE
Original cataloging agency DLC
Transcribing agency DLC
Modifying agency DLC
041 ## - LANGUAGE CODE
Language code of text/sound track or separate title eng
080 ## - UNIVERSAL DECIMAL CLASSIFICATION NUMBER
Universal Decimal Classification number 302.35 ENZ
082 00 - DEWEY DECIMAL CLASSIFICATION NUMBER
Classification number 302.35 ENZ
Edition number 19
100 1# - Rafti
Rafti 52
101 ## - Shkurtesa
Shkurtesa EKO
245 10 - TITLE STATEMENT
Title Power and shared values in the corporate culture /
Statement of responsibility, etc by Cathy A. Enz.
504 ## - BIBLIOGRAPHY, ETC. NOTE
Bibliography, etc Bibliography: p. [155]-163.
906 ## - LOCAL DATA ELEMENT F, LDF (RLIN)
a 7
b cbc
c orignew
d 1
e ocip
f 19
g y-gencatlg
942 ## - ADDED ENTRY ELEMENTS (KOHA)
Source of classification or shelving scheme
Item type Books
Holdings
Withdrawn status Lost status Source of classification or shelving scheme Damaged status Not for loan Collection code Permanent location Current location Shelving location Date acquired Total Checkouts Full call number Barcode Date last seen Price effective from Koha item type
          Koleksioni i përgjithshem UBT - Lipjan UBT - Lipjan Koleksioni i përgjithshem 02/06/2018   302.35 ENZ 002-2999348 02/06/2018 02/06/2018 Books
UBT Library © 2015-2024. All rights reserved University Education for Business and Technology